000 00670nam a2200229Ia 4500
001 17223
003 GE_BSU
008 181216s||||||||xx |||||||||||||| ||und||
040 _cGE_BSU
080 _a821.161.1-31
100 _aტოლსტოი, ლ.ნ.
245 _aომი და მშვიდობა. ტ.1
245 _bრომანი
245 _cთარგმ. ილია აგლაძისა.
260 _aთბილისი
260 _bსახელგამი
260 _c1948
300 _a455 გვ.21 სმ.
653 _aომი და მშვიდობა
653 _aრომანი
942 _cBK
999 _c50284
_d50284